LEADER 02481nam 2200481 450 001 9910148723003321 005 20150730080036.0 010 $a1-62257-367-6 035 $a(CKB)3710000000922311 035 $a(MiAaPQ)EBC4743841 035 $a(EXLCZ)993710000000922311 100 $a20130328h20122012 uy| 0 101 0 $aeng 135 $aurcnu|||||||| 181 $2rdacontent 182 $2rdamedia 183 $2rdacarrier 200 00$aBurma (Myanmar) $edevelopments and United States' interests /$fJesse F. Gordon and Leonard Dixon, editors 210 1$aNew York :$cNova Publishers,$d[2012] 210 4$dİ2012 215 $a1 online resource (181 pages) $cmaps 225 1 $aAsian political, economic and security issues 225 1 $aGlobal political studies 311 $a1-62257-341-2 320 $aIncludes bibliographical references and index. 327 $aBurma's April parliamentary by-elections / Michael F. Martin -- U.S. policy towards Burma : issues for the 112th Congress / Michael F. Martin And Derek E. Mix -- U.S. sanctions on Burma / Michael F. Martin -- Burma's political prisoners and U.S. sanctions / Michael F. Martin -- Testimony of Joseph Y. Yun, Principal Deputy Assistant Secretary of State, Bureau of East Asian and Pacific Affairs, US Department of State. Hearing on "US policy on Burma" -- Statement of Nisha Biswal, Assistant Administrator, Bureau for Asia, US Agency for International Development. Hearing on "US policy on Burma" -- Testimony of David I. Steinberg, Distinguished Professor, Georgetown University, Hearing on "US policy on Burma" -- Testimony of Karl D. Jackson, C.V. Starr Distinguished Professor of Southeast Asian Studies, Johns Hopkins University. Hearing on "US policy on Burma" -- Statement of Peter M. Manikas, Director of Asia Programs, National Democratic Institute. Hearing on "US policy on Burma." 410 0$aAsian political, economic and security issues. 410 0$aGlobal political studies series. 606 $aHuman rights$zBurma 607 $aUnited States$xForeign relations$zBurma 607 $aBurma$xForeign relations$zUnited States 607 $aBurma$xPolitics and government$y1988- 615 0$aHuman rights 676 $a327.73 702 $aGordon$b Jesse 702 $aDixon$b Leonard 801 0$bMiAaPQ 801 1$bMiAaPQ 801 2$bMiAaPQ 906 $aBOOK 912 $a9910148723003321 996 $aBurma (Myanmar)$92880616 997 $aUNINA LEADER 01843oam 2200517M 450 001 9910716214603321 005 20200213070532.1 035 $a(CKB)5470000002519983 035 $a(OCoLC)1065840941 035 $a(OCoLC)995470000002519983 035 $a(EXLCZ)995470000002519983 100 $a20071213d1926 ua 0 101 0 $aeng 135 $aurcn||||||||| 181 $ctxt$2rdacontent 182 $cc$2rdamedia 183 $acr$2rdacarrier 200 10$aA.B. Ewing. June 16, 1926. -- Ordered to be printed 210 1$a[Washington, D.C.] :$c[U.S. Government Printing Office],$d1926. 215 $a1 online resource (29 pages) $ctables 225 1 $aSenate report / 69th Congress, 1st session. Senate ;$vno. 1087 225 1 $a[United States congressional serial set ] ;$v[serial no. 8528] 300 $aBatch processed record: Metadata reviewed, not verified. Some fields updated by batch processes. 300 $aFDLP item number not assigned. 606 $aBurglary 606 $aClaims 606 $aPostal service$xLaw and legislation$zUnited States$xCriminal provisions 606 $aPost office buildings 606 $aPostal service$xEquipment and supplies 606 $aPostal service$xEmployees 608 $aLegislative materials.$2lcgft 615 0$aBurglary. 615 0$aClaims. 615 0$aPostal service$xLaw and legislation$xCriminal provisions. 615 0$aPost office buildings. 615 0$aPostal service$xEquipment and supplies. 615 0$aPostal service$xEmployees. 701 $aMeans$b Rice William$f1877-1949$pRepublican (CO)$01386800 801 0$bWYU 801 1$bWYU 801 2$bOCLCO 801 2$bOCLCQ 906 $aBOOK 912 $a9910716214603321 996 $aA.B. Ewing. June 16, 1926. -- Ordered to be printed$93492263 997 $aUNINA